Представление документа в формате MARC21

Поле Инд. ПП Название Значение
Тип записи a
Библиографический уровень m
001 Контрольный номер 2678b524d830482e8a71ebaa36baeb80
005 Дата корректировки 20250629152446.4
084 a Индекс другой классификации/Индекс ББК 75
091 i Возрастная адресация (DOS) 12+
097 b Оператор Чирова
245 10 a Заглавие Физкультура и спорт
n Номер части/ раздела 3
260 c Дата издания 2025
900 a Имя макрообъекта E0041D100131C19E
901 t Тип документа s